000 01276nam2a2200325 4500
001 RU\NLR\BIBL_A\011198288
005 20250806210033.0
035 _a(NLR Aleph) 011198288
090 _a48994
_c48994
100 _a20250806 rusy50
101 0 _arus
102 _aRU
110 _acya||||||||
135 _acrgn 008apada
200 1 _a1941, № 45 (2175) (23 февр.)
210 _d1941
325 _aКопия доступна в электронной библиотеке РНБ
461 0 _1001RU\NLR\DIGIT\510280
_12001#$aЛенинское знамя$eОрган Тосненского РК ВКП(б) и районного Совета депутатов трудящихся$v1941, № 45 (2175) (23 февр.)
801 2 _aRU
_bNLR
_c20140313
_2rusmarc
852 _aNLR
_jГаз. Р2144
_pС 42279
856 0 _uhttp://vivaldi.nlr.ru/pn000131421/view
856 1 _uhttp://vivaldi.nlr.ru/pn000131421/cover
856 2 _uhttp://vivaldi.nlr.ru/pn000131421/text
942 _cISSNP
945 _aРоссийская национальная библиотека
980 _aNB
980 _aBV
981 2 7 _a(27) Периодические издания
_b(27) Газеты